000 00926nam a2200337Ia 4500
008 160803s9999 xx 000 0 und d
020 _a978-0439709101
100 _aFunke, Cornelia
245 _aInkheart /
245 _cCornelia Funke ; translated from the German by Anthea Bell.
260 _aNew York :
260 _bScholastic Inc.
260 _c2003
300 _a548 pages :
300 _billustrations ;
300 _c20 cm.
440 _aInkheart trilogy ;
440 _vbk. 1
500 _aTranslation of: Tintenherz.
650 _aAuthorship --
650 _aBookbinding --
650 _aBooks and reading --
650 _aCharacters and characteristics in literature --
650 _aMagic --
650 _xJuvenile fiction.
650 _xJuvenile fiction.
650 _xJuvenile fiction.
650 _xJuvenile fiction.
650 _xJuvenile fiction.
700 _a780
999 _c298290
_d298290